[Event "Krakow op-B 23rd"]
[Site "Krakow"]
[Date "2012.12.29"]
[Round "4"]
[White "Sajtyna, Krzysztof"]
[Black "Sliwicka, Alicja"]
[Result "1/2-1/2"]
[WhiteElo "1917"]
[BlackElo "1772"]
[PlyCount "66"]
[EventDate "2012.12.27"]
[EventType "swiss"]
[EventRounds "9"]
[EventCountry "POL"]
[SourceTitle "CBM 152 Extra"]
[Source "ChessBase"]
[SourceDate "2013.02.25"]
[SourceVersion "1"]
[SourceVersionDate "2013.02.25"]
[SourceQuality "1"]

1. c4 c5 2. Nc3 g6 3. b3 Bg7 4. Bb2 e6 5. e3 Nc6 6. Nf3 Nge7 7. a3 Nf5 8. Qc2 0-0 9. Bd3 d6 10. Bxf5 gxf5 11. 0-0 b6 12. Ne2 e5 13. d4 Qc7 14. dxe5 dxe5 15. Rfd1 h6 16. Nc3 Be6 17. Nd5 Qb7 18. Nh4 Qc8 19. Rd2 Re8 20. Rad1 Ne7 21. Nxe7+ Rxe7 22. f4 e4 23. Bxg7 Kxg7 24. Qc3+ f6 25. Rd6 Qf8 26. Rxe6 Rxe6 27. Rd7+ Kg8 28. Nxf5 Kh8 29. Qe1 Qe8 30. Rg7 Qh5 31. g4 Qh3 32. Rg6 h5 33. Rh6+ Kg8 1/2-1/2

[Event "Krakow op-B 23rd"]
[Site "Krakow"]
[Date "2012.12.27"]
[Round "1"]
[White "Domanski, Lukasz"]
[Black "Sajtyna, Krzysztof"]
[Result "1-0"]
[WhiteElo "1562"]
[BlackElo "1917"]
[PlyCount "65"]
[EventDate "2012.12.27"]
[EventType "swiss"]
[EventRounds "9"]
[EventCountry "POL"]
[SourceTitle "CBM 152 Extra"]
[Source "ChessBase"]
[SourceDate "2013.02.25"]
[SourceVersion "1"]
[SourceVersionDate "2013.02.25"]
[SourceQuality "1"]

1. e4 c5 2. Nf3 Nc6 3. d4 cxd4 4. Nxd4 e5 5. Nb5 a6 6. N5c3 Nf6 7. Bg5 h6 8. Bxf6 Qxf6 9. Nd5 Qd8 10. c4 Bc5 11. Nbc3 d6 12. a3 Be6 13. Be2 0-0 14. 0-0 Bxd5 15. Nxd5 Ne7 16. Kh1 Bd4 17. Nxe7+ Qxe7 18. Qd2 Qh4 19. Bf3 Rac8 20. Rac1 Rc5 21. b4 Rc7 22. g3 Qh3 23. Bg2 Qe6 24. Qe2 Rfc8 25. Bf3 Rxc4 26. Bg4 Qxg4 27. Qxg4 Rxc1 28. Rxc1 Rxc1+ 29. Kg2 Rc2 30. Kh3 Rxf2 31. a4 b6 32. Qd7 Kh7 33. Qxd6 1-0

[Event "Krakow op-B 20th"]
[Site "Krakow"]
[Date "2009.12.29"]
[Round "3.1"]
[White "Lis, Marek"]
[Black "Sajtyna, Krzysztof"]
[Result "1/2-1/2"]
[WhiteElo "2094"]
[BlackElo "1954"]
[PlyCount "75"]
[EventDate "2009.12.27"]
[EventType "swiss"]
[EventRounds "9"]
[EventCountry "POL"]
[SourceTitle "EXT 2023"]
[Source "ChessBase"]
[SourceDate "2022.10.05"]
[SourceVersion "1"]
[SourceVersionDate "2022.10.05"]
[SourceQuality "1"]

1. e4 c5 2. Nf3 Nc6 3. d4 cxd4 4. Nxd4 e5 5. Nb5 a6 6. Nd6+ Bxd6 7. Qxd6 Qf6 8. Qd2 Qg6 9. Nc3 d5 10. Qg5 Nge7 11. exd5 Nb4 12. Bd3 Nxd3+ 13. cxd3 Qxg5 14. Bxg5 f6 15. Be3 Bf5 16. d4 e4 17. d6 Nc8 18. Nd5 Kd7 19. Bf4 Be6 20. Nc7 Rb8 21. Nxe6 Kxe6 22. 0-0 Nxd6 23. Rfe1 Rbc8 24. d5+ Kd7 25. Bxd6 Kxd6 26. Rxe4 Rc2 27. Rb4 b5 28. a4 Kc5 29. Rg4 b4 30. b3 g6 31. Rd1 Rd8 32. Kf1 a5 33. Rgd4 Rc3 34. d6 Rxb3 35. Rd5+ Kc4 36. R5d4+ Kc3 37. R4d3+ Kc4 38. Rd4+ 1/2-1/2

[Event "Krakow op-B 19th"]
[Site "Krakow"]
[Date "2008.12.28"]
[Round "2"]
[White "Janiszewski, Maciej"]
[Black "Sajtyna, Krzysztof"]
[Result "1/2-1/2"]
[WhiteElo "2099"]
[BlackElo "1948"]
[PlyCount "117"]
[EventDate "2008.12.26"]
[EventType "swiss"]
[EventRounds "9"]
[EventCountry "POL"]
[SourceTitle "CBM 128 Extra"]
[Source "ChessBase"]
[SourceDate "2009.03.05"]
[SourceVersion "2"]
[SourceVersionDate "2009.03.25"]
[SourceQuality "1"]

1. e4 c5 2. Nc3 Nc6 3. f4 d6 4. Bc4 g6 5. Nf3 Bg7 6. 0-0 e6 7. d3 Nge7 8. Qe1 Nd4 9. Nxd4 cxd4 10. Ne2 0-0 11. f5 exf5 12. Qh4 d5 13. exd5 Nxd5 14. Bg5 Qd6 15. Nxd4 Nb6 16. c3 Re8 17. Rae1 Be6 18. Nxe6 fxe6 19. Bb3 Kh8 20. Rf3 Nd5 21. Rh3 h5 22. g4 Nf4 23. Bxf4 Qxf4 24. gxh5 Qxh4 25. Rxh4 g5 26. Rb4 b6 27. Rxe6 f4 28. h4 Rxe6 29. Bxe6 Re8 30. Bg4 Re3 31. Kf2 gxh4 32. Rxf4 Rxd3 33. Ke2 Rd6 34. Rf7 a5 35. Rb7 Kh7 36. Kf3 Kh6 37. Kf4 Rf6+ 38. Ke4 Bf8 39. Ke5 Bg7 40. Kd5 Bf8 41. Ke5 Bg7 42. Kd5 Bf8 43. Be6 Bc5 44. b4 axb4 45. cxb4 Bxb4 46. Rxb6 Be1 47. Rb1 Bf2 48. Bg4 Rf4 49. Be2 h3 50. Rh1 Rh4 51. Bf3 h2 52. Rf1 Bg1 53. Bh1 Ra4 54. Ke5 Kxh5 55. Kf5 Rxa2 56. Ke4 Kh4 57. Rf4+ Kg5 58. Rf5+ Kg6 59. Rf1 1/2-1/2

[Event "Karpacz Karkonosze op"]
[Site "Karpacz"]
[Date "2008.07.02"]
[Round "8.5"]
[White "Sajtyna, Krzysztof"]
[Black "Musialkiewicz, Jan"]
[Result "0-1"]
[WhiteElo "1966"]
[BlackElo "2025"]
[PlyCount "104"]
[EventDate "2008.06.27"]
[EventType "swiss"]
[EventRounds "9"]
[EventCountry "POL"]
[SourceTitle "EXT 2023"]
[Source "ChessBase"]
[SourceDate "2022.10.05"]
[SourceVersion "1"]
[SourceVersionDate "2022.10.05"]
[SourceQuality "1"]

1. e4 c5 2. Nf3 e6 3. c3 Nf6 4. e5 Nd5 5. Bc4 Nb6 6. Bb3 d6 7. d4 dxe5 8. dxe5 Qxd1+ 9. Bxd1 Bd7 10. 0-0 Bc6 11. Nbd2 N8d7 12. Bc2 0-0-0 13. Ng5 Nxe5 14. f4 Be7 15. Nxe6 fxe6 16. fxe5 Bg5 17. Ne4 Bxe4 18. Bxe4 Bxc1 19. Raxc1 Nc4 20. Rf7 Rd7 21. Rxd7 Kxd7 22. b3 Nxe5 23. Bxb7 Ke7 24. Re1 Kd6 25. Rd1+ Ke7 26. Bf3 g5 27. h3 h5 28. Kf2 Rf8 29. Ke3 Nxf3 30. gxf3 Rf4 31. Kf2 c4 32. b4 g4 33. hxg4 hxg4 34. Ke3 Rxf3+ 35. Kd4 Rf4+ 36. Kc5 Kf6 37. a4 g3 38. Rg1 Rg4 39. b5 Kf5 40. a5 Kf4 41. Kxc4 Kf3+ 42. Kc5 e5 43. b6 axb6+ 44. axb6 Rg8 45. c4 e4 46. Kd4 e3 47. Rf1+ Ke2 48. Rb1 Kf2 49. c5 e2 50. b7 e1Q 51. b8Q Qe3+ 52. Kd5 Rxb8 0-1

[Event "Karpacz Karkonosze op"]
[Site "Karpacz"]
[Date "2008.07.02"]
[Round "7.4"]
[White "Sajtyna, Krzysztof"]
[Black "Sieciechowicz, Marcin"]
[Result "0-1"]
[WhiteElo "1966"]
[BlackElo "2259"]
[PlyCount "106"]
[EventDate "2008.06.27"]
[EventType "swiss"]
[EventRounds "9"]
[EventCountry "POL"]
[SourceTitle "EXT 2023"]
[Source "ChessBase"]
[SourceDate "2022.10.05"]
[SourceVersion "1"]
[SourceVersionDate "2022.10.05"]
[SourceQuality "1"]

1. e4 c5 2. c3 d5 3. exd5 Qxd5 4. d4 Nc6 5. Nf3 Nf6 6. Be3 cxd4 7. cxd4 e6 8. Nc3 Bb4 9. Bd3 0-0 10. 0-0 Qh5 11. a3 Bd6 12. Ne4 Nxe4 13. Bxe4 Ne7 14. Ne5 Qxd1 15. Rfxd1 Nd5 16. Rac1 f6 17. Nd3 Nxe3 18. fxe3 Rb8 19. Rc3 b6 20. Rdc1 Bd7 21. Bc6 Rfd8 22. Nb4 Kf8 23. Bf3 Rbc8 24. Nc6 Bxc6 25. Rxc6 Rxc6 26. Rxc6 Ke7 27. h3 Kd7 28. Kf2 h5 29. Rc2 h4 30. Bc6+ Ke7 31. Bf3 g5 32. Rc4 f5 33. Ra4 a5 34. Rc4 Rg8 35. Bb7 g4 36. Rc8 Rg7 37. Rh8 Kf6 38. Ba6 Rc7 39. Rc8 Ra7 40. Bc4 a4 41. Rc6 b5 42. Rxd6 bxc4 43. d5 Ke5 44. Rxe6+ Kxd5 45. Rh6 Rb7 46. hxg4 Rxb2+ 47. Ke1 fxg4 48. Rxh4 g3 49. Rd4+ Kc5 50. Rg4 Rxg2 51. Kf1 Rf2+ 52. Ke1 c3 53. Kd1 g2 0-1

[Event "Karpacz Karkonosze op"]
[Site "Karpacz"]
[Date "2008.06.28"]
[Round "2.5"]
[White "Galyga, Jozef"]
[Black "Sajtyna, Krzysztof"]
[Result "1-0"]
[WhiteElo "1883"]
[BlackElo "1966"]
[PlyCount "93"]
[EventDate "2008.06.27"]
[EventType "swiss"]
[EventRounds "9"]
[EventCountry "POL"]
[SourceTitle "EXT 2023"]
[Source "ChessBase"]
[SourceDate "2022.10.05"]
[SourceVersion "1"]
[SourceVersionDate "2022.10.05"]
[SourceQuality "1"]

1. e4 c5 2. Nf3 Nc6 3. g3 d6 4. Bg2 g6 5. 0-0 Bg7 6. d3 e6 7. Nh4 Nge7 8. f4 0-0 9. Nd2 Rb8 10. Kh1 d5 11. c3 dxe4 12. dxe4 Qc7 13. Qe2 b5 14. e5 Nf5 15. Nhf3 h5 16. Ne4 Bb7 17. Nxc5 Nxe5 18. Nxb7 Ng4 19. Ne5 Nxe5 20. fxe5 Bxe5 21. Bf4 Bxf4 22. Rxf4 Rxb7 23. Bxb7 Qxb7+ 24. Qe4 Qd7 25. Rf2 Rd8 26. Rg1 Qc7 27. Rff1 Rd2 28. Rg2 Qd7 29. Re1 Rd5 30. Rge2 Qd6 31. Kg2 Qd7 32. Ra1 a5 33. a4 Nd6 34. Qf3 bxa4 35. Re4 Rd2+ 36. Re2 Nc4 37. Rxd2 Qxd2+ 38. Qf2 Qd5+ 39. Kg1 Qb5 40. Rd1 Nxb2 41. Rd8+ Kg7 42. Qd4+ e5 43. Qd6 Qc4 44. Qxe5+ f6 45. Rd7+ Kh6 46. Qe3+ g5 47. Qe7 1-0

[Event "Polanica Zdroj op-B 43rd"]
[Site "Polanica Zdroj"]
[Date "2007.08.26"]
[Round "10.18"]
[White "Krokay, Urszula"]
[Black "Sajtyna, Krzysztof"]
[Result "1-0"]
[WhiteElo "1985"]
[BlackElo "1989"]
[PlyCount "37"]
[EventDate "2007.08.17"]
[EventType "swiss"]
[EventRounds "10"]
[EventCountry "POL"]
[SourceTitle "EXT 2023"]
[Source "ChessBase"]
[SourceDate "2022.10.05"]
[SourceVersion "1"]
[SourceVersionDate "2022.10.05"]
[SourceQuality "1"]

1. e4 e5 2. Nf3 Nc6 3. d4 exd4 4. Bc4 Nf6 5. 0-0 Nxe4 6. Re1 d5 7. Bxd5 Qxd5 8. Nc3 Qa5 9. Nxe4 Be6 10. Neg5 0-0-0 11. Nxe6 fxe6 12. Rxe6 Bd6 13. Qe2 Kd7 14. Bd2 Qh5 15. h3 Rde8 16. Ne5+ Nxe5 17. Rxd6+ Kxd6 18. Qxh5 g6 19. Qh4 1-0

[Event "Polanica Zdroj op-B 43rd"]
[Site "Polanica Zdroj"]
[Date "2007.08.24"]
[Round "7"]
[White "Morzywolek, Pawel"]
[Black "Sajtyna, Krzysztof"]
[Result "0-1"]
[WhiteElo "1776"]
[BlackElo "1989"]
[PlyCount "76"]
[EventDate "2007.08.17"]
[EventType "swiss"]
[EventRounds "10"]
[EventCountry "POL"]
[SourceTitle "CBM 120 Extra"]
[Source "ChessBase"]
[SourceDate "2007.11.01"]
[SourceVersion "1"]
[SourceVersionDate "2007.11.01"]
[SourceQuality "1"]

1. e4 e5 2. Nf3 Nc6 3. Bb5 Bc5 4. c3 f5 5. d3 fxe4 6. dxe4 Nf6 7. b4 Bb6 8. Bc4 Qe7 9. Bg5 d6 10. Qb3 Rf8 11. 0-0 h6 12. Bh4 g5 13. Bg3 Nxe4 14. Nbd2 Nxd2 15. Nxd2 h5 16. h3 h4 17. Bh2 g4 18. hxg4 Bxg4 19. Rae1 0-0-0 20. a4 a6 21. a5 Ba7 22. Ra1 h3 23. Bg3 hxg2 24. Kxg2 Qg5 25. Rad1 Bxd1 26. Qxd1 d5 27. Be2 Ne7 28. b5 axb5 29. Bg4+ Kb8 30. Bh3 e4 31. Qe2 Nf5 32. Bxf5 Rxf5 33. Qxb5 Rdf8 34. a6 Rxf2+ 35. Rxf2 Rxf2+ 36. Kh3 Qh5+ 37. Bh4 Qf5+ 38. Kg3 Qf4+ 0-1

[Event "Polanica Zdroj op-B 43rd"]
[Site "Polanica Zdroj"]
[Date "2007.08.18"]
[Round "2"]
[White "Lada, Ireneusz"]
[Black "Sajtyna, Krzysztof"]
[Result "1-0"]
[WhiteElo "2141"]
[BlackElo "1989"]
[PlyCount "47"]
[EventDate "2007.08.17"]
[EventType "swiss"]
[EventRounds "10"]
[EventCountry "POL"]
[SourceTitle "CBM 120 Extra"]
[Source "ChessBase"]
[SourceDate "2007.11.01"]
[SourceVersion "1"]
[SourceVersionDate "2007.11.01"]
[SourceQuality "1"]

1. c4 Nf6 2. Nc3 d5 3. cxd5 Nxd5 4. Nf3 g6 5. Qa4+ c6 6. Qd4 Nf6 7. Qxd8+ Kxd8 8. e4 Bh6 9. h3 a6 10. d4 Bxc1 11. Rxc1 e6 12. Ng5 Ke7 13. e5 Nd5 14. Bc4 Nd7 15. 0-0 b5 16. Bb3 Nxc3 17. Rxc3 Bb7 18. Ne4 Ra7 19. f4 Ba8 20. Nd6 f5 21. g4 h5 22. gxf5 gxf5 23. Rg3 Rh7 24. Nc8+ 1-0